| 000 | 00859cab a2200229 4500 | ||
|---|---|---|---|
| 001 | ABS41472 | ||
| 008 | 090401t1989 xxu||||| |||| 00| 0 eng d | ||
| 035 | _a(Sirsi) u30411 | ||
| 041 | _aeng | ||
| 245 | _aM4 corridor | ||
| 260 | _c1989 | ||
| 350 | _a0 | ||
| 490 |
_aEstates Times _v(1014) 29 September 1989, 21-91(41) |
||
| 520 | _aEstates Times survey reviews office and industrial development along the M4 . Highlights rental growth and recent deals at Hammersmith , Heathrow , Maidenhead , Windsor , Slough , Bracknell , Wokingham , Reading , Newbury , Swindon , Chippenham , Bath , Bristol , Newport , Cardiff and Swansea . | ||
| 650 | _aBUSINESS PARKS | ||
| 650 | _aORACLE LTD | ||
| 650 | _aSOUTH WALES | ||
| 650 | _aSTOCKLEY PARK | ||
| 690 | _aPROPERTY-COMMERCIAL PROPERTY-COMMERCIAL PROPERTY MARKET | ||
| 942 | _n0 | ||
| 948 | _c04/03/1997 | ||
| 999 |
_c20495 _d20495 |
||